[Event "ESTCC 65 2019"]
[Site "Mali Losinj"]
[Date "2019.09.23"]
[Round "6.32"]
[White "Ristoja, Aulikki"]
[Black "Cassidy, Sydney"]
[Result "1-0"]
[WhiteElo "1558"]
[BlackElo "1599"]
[Annotator "NA"]
[PlyCount "73"]
[EventDate "2019.09.18"]
[EventType "team-tourn"]
[EventCountry "CRO"]
[SourceTitle "playchess.com"]
[Source "ChessBase"]
[SourceQuality "1"]
[WhiteTeam "Finland"]
[BlackTeam "Ireland"]
[WhiteTeamCountry "FIN"]
[BlackTeamCountry "IRL"]
[TimeControl "40/5400+30:1800+30"]

1. d4 {[%emt 0:00:30]} d5 {[%emt 0:00:30]} 2. Bf4 {[%emt 0:00:00]} Nf6 {[%emt 0:00:00]} 3. e3 {[%emt 0:00:00]} e6 {[%emt 0:01:00]} 4. Bd3 {[%emt 0:00:30]} b6 {[%emt 0:01:30]} 5. c3 {[%emt 0:01:30]} Ba6 {[%emt 0:02:30]} 6. Bxa6 {[%emt 0:00:30]} Nxa6 {[%emt 0:01:30]} 7. Qa4+ {[%emt 0:00:30]} c6 {[%emt 0:04:30]} 8. Qxa6 {[%emt 0:00:30]} Qd7 {[%emt 0:02:30]} 9. Qe2 {[%emt 0:01:30]} Be7 {[%emt 0:00:30]} 10. Nf3 {[%emt 0:00:30]} O-O {[%emt 0:00:30]} 11. Ne5 {[%emt 0:00:30]} Qc8 {[%emt 0:00:30]} 12. Nd2 {[%emt 0:00:30]} c5 {[%emt 0:01:30]} 13. dxc5 {[%emt 0:01:30]} bxc5 {[%emt 0:02:30]} 14. O-O {[%emt 0:02:30]} Qb7 {[%emt 0:01:30]} 15. Ndf3 {[%emt 0:03:30]} Ne4 {[%emt 0:08:30]} 16. Qc2 {[%emt 0:01:30]} f6 {[%emt 0:04:30]} 17. Nd3 {[%emt 0:02:30]} e5 {[%emt 0:01:30]} 18. Bxe5 {[%emt 0:05:30]} fxe5 {[%emt 0:01:30]} 19. Ndxe5 {[%emt 0:04:30]} Bd6 {[%emt 0:05:30]} 20. Rad1 {[%emt 0:04:30]} Rae8 {[%emt 0:01:30]} 21. Nd3 {[%emt 0:02:30]} Re6 {[%emt 0:04:30]} 22. Nde1 Rh6 {[%emt 0:04:30]} 23. g3 {[%emt 0:08:00]} Qf7 {[%emt 0:05:30]} 24. Qd3 {[%emt 0:02:30]} Nf6 {[%emt 0:06:30]} 25. Ng5 {[%emt 0:02:30]} Qh5 {[%emt 0:02:30]} 26. h4 {[%emt 0:01:30]} Re8 {[%emt 0:10:30]} 27. c4 {[%emt 0:01:30]} Qg4 {[%emt 0:03:30]} 28. Ng2 {[%emt 0:05:30]} Re5 {[%emt 0:05:45]} 29. cxd5 {[%emt 0:06:30]} Rxd5 {[%emt 0:03:24]} 30. Qb3 {[%emt 0:00:30]} Qb4 {[%emt 0:05:38]} 31. Rxd5 {[%emt 0:00:30]} Qxb3 {[%emt 0:00:55]} 32. axb3 {[%emt 0:00:30]} Nxd5 {[%emt 0:00:06]} 33. Ra1 {[%emt 0:02:30]} Bb8 {[%emt 0:00:45]} 34. Ne4 {[%emt 0:06:30]} Rb6 {[%emt 0:03:51]} 35. Nxc5 {[%emt 0:00:30]} Bd6 {[%emt 0:02:33]} 36. Ne4 {[%emt 0:03:30]} a6 {[%emt 0:01:55]} 37. Rd1 {[%emt 0:00:30]} 1-0

[Event "ESTCC 65 2019"]
[Site "Mali Losinj"]
[Date "2019.09.24"]
[Round "7.2"]
[White "Kalegin, Evgenij"]
[Black "Nielsen, Jorgen Lovgren"]
[Result "1-0"]
[WhiteElo "2435"]
[BlackElo "2052"]
[Annotator "NA"]
[PlyCount "103"]
[EventDate "2019.09.18"]
[EventType "team-tourn"]
[EventCountry "CRO"]
[SourceTitle "playchess.com"]
[Source "ChessBase"]
[SourceQuality "1"]
[WhiteTeam "Russia"]
[BlackTeam "Denmark"]
[WhiteTeamCountry "RUS"]
[BlackTeamCountry "DEN"]
[TimeControl "40/5400+30:1800+30"]

1. e4 {[%emt 0:00:30]} e5 {[%emt 0:00:30]} 2. Nf3 {[%emt 0:00:00]} Nc6 {[%emt 0:00:30]} 3. Bb5 {[%emt 0:00:00]} Nf6 {[%emt 0:00:30]} 4. Qe2 {[%emt 0:00:30]} d6 {[%emt 0:00:30]} 5. O-O {[%emt 0:00:30]} Be7 {[%emt 0:01:30]} 6. c3 {[%emt 0:02:30]} O-O {[%emt 0:01:30]} 7. d4 {[%emt 0:00:30]} exd4 {[%emt 0:04:30]} 8. cxd4 {[%emt 0:00:00]} Bg4 {[%emt 0:00:30]} 9. Bxc6 {[%emt 0:11:00]} bxc6 {[%emt 0:01:30]} 10. Nc3 {[%emt 0:00:00]} Re8 {[%emt 0:02:30]} 11. Re1 {[%emt 0:00:00]} h6 {[%emt 0:00:30]} 12. Qd3 {[%emt 0:13:30]} Nh7 {[%emt 0:03:30]} 13. Bf4 {[%emt 0:01:30]} Ng5 {[%emt 0:01:30]} 14. Nxg5 {[%emt 0:00:30]} Bxg5 {[%emt 0:00:30]} 15. Bg3 {[%emt 0:03:30]} d5 {[%emt 0:04:30]} 16. exd5 {[%emt 0:05:30]} Rxe1+ {[%emt 0:03:30]} 17. Rxe1 {[%emt 0:00:00]} cxd5 {[%emt 0:00:30]} 18. h3 {[%emt 0:13:00]} Be6 {[%emt 0:04:30]} 19. Nb5 {[%emt 0:05:30]} Rc8 {[%emt 0:15:30]} 20. Nxa7 {[%emt 0:01:30]} Ra8 {[%emt 0:00:30]} 21. Nc6 {[%emt 0:01:30]} Qe8 {[%emt 0:03:30]} 22. Qc3 {[%emt 0:02:30]} Bd2 {[%emt 0:05:30]} 23. Qxd2 {[%emt 0:00:30]} Qxc6 {[%emt 0:00:00]} 24. a3 {[%emt 0:02:30]} Qb7 {[%emt 0:03:00]} 25. Re3 {[%emt 0:04:30]} c6 {[%emt 0:03:30]} 26. Be5 {[%emt 0:00:30]} Kh7 {[%emt 0:02:30]} 27. Rg3 {[%emt 0:02:30]} g6 {[%emt 0:03:30]} 28. b4 {[%emt 0:00:30]} Qe7 {[%emt 0:03:30]} 29. Qf4 {[%emt 0:03:30]} Ra6 {[%emt 0:04:30]} 30. Bf6 {[%emt 0:00:30]} Qd7 {[%emt 0:01:30]} 31. h4 {[%emt 0:01:30]} Ra8 {[%emt 0:01:30]} 32. Re3 {[%emt 0:02:30]} Re8 {[%emt 0:03:30]} 33. g4 {[%emt 0:03:30]} Rg8 {[%emt 0:01:38]} 34. f3 {[%emt 0:01:17]} Ra8 {[%emt 0:02:23]} 35. Kg2 {[%emt 0:01:36]} Rg8 {[%emt 0:00:39]} 36. Kg3 {[%emt 0:00:15]} Ra8 {[%emt 0:00:32]} 37. a4 {[%emt 0:01:13]} Qc8 {[%emt 0:03:46]} 38. a5 {[%emt 0:00:54]} Qb7 {[%emt 0:01:05]} 39. Qd6 {[%emt 0:02:12]} Qb8 {[%emt 0:02:56]} 40. Qxb8 {[%emt 0:00:45]} Rxb8 {[%emt 0:00:08]} 41. a6 {[%emt 0:30:28]} Ra8 {[%emt 0:32:50]} 42. Ra3 {[%emt 0:05:36]} Kg8 {[%emt 0:02:53]} 43. a7 {[%emt 0:03:29]} Kf8 {[%emt 0:01:51]} 44. Be5 {[%emt 0:00:55]} Ke8 {[%emt 0:01:10]} 45. Bb8 {[%emt 0:00:09]} Kd8 {[%emt 0:01:49]} 46. Kf4 {[%emt 0:00:28]} f6 {[%emt 0:00:54]} 47. Rc3 {[%emt 0:00:00]} Bd7 {[%emt 0:00:00]} 48. Re3 {[%emt 0:00:00]} g5+ {[%emt 0:00:00]} 49. Kg3 {[%emt 0:00:00]} f5 {[%emt 0:00:00]} 50. gxf5 {[%emt 0:00:00]} gxh4+ {[%emt 0:00:00]} 51. Kxh4 {[%emt 0:00:00]} Bxf5 {[%emt 0:00:00]} 52. Kh5 {[%emt 0:00:00]} 1-0

[Event "ESTCC 65 2019"]
[Site "Mali Losinj"]
[Date "2019.09.24"]
[Round "7.3"]
[White "Nielsen, Preben Lovgren"]
[Black "Zhelnin, Vladimir V"]
[Result "0-1"]
[WhiteElo "2007"]
[BlackElo "2406"]
[Annotator "NA"]
[PlyCount "60"]
[EventDate "2019.09.18"]
[EventType "team-tourn"]
[EventCountry "CRO"]
[SourceTitle "playchess.com"]
[Source "ChessBase"]
[SourceQuality "1"]
[WhiteTeam "Denmark"]
[BlackTeam "Russia"]
[WhiteTeamCountry "DEN"]
[BlackTeamCountry "RUS"]
[TimeControl "40/5400+30:1800+30"]

1. e4 {[%emt 0:00:30]} c5 {[%emt 0:00:30]} 2. Nf3 {[%emt 0:00:00]} d6 {[%emt 0:00:00]} 3. d4 {[%emt 0:00:00]} cxd4 {[%emt 0:00:00]} 4. Nxd4 {[%emt 0:00:30]} Nf6 {[%emt 0:00:30]} 5. Nc3 {[%emt 0:00:00]} a6 {[%emt 0:00:30]} 6. f4 {[%emt 0:00:00]} e5 {[%emt 0:01:30]} 7. Nf3 {[%emt 0:04:30]} Qc7 {[%emt 0:01:30]} 8. Bd3 {[%emt 0:00:30]} Be7 {[%emt 0:02:30]} 9. O-O {[%emt 0:00:30]} Be6 {[%emt 0:00:30]} 10. Kh1 {[%emt 0:04:30]} Nbd7 {[%emt 0:00:30]} 11. Qe1 {[%emt 0:01:30]} O-O {[%emt 0:01:30]} 12. fxe5 {[%emt 0:03:30]} dxe5 {[%emt 0:02:30]} 13. Nh4 {[%emt 0:01:30]} Nc5 {[%emt 0:04:30]} 14. Nf5 {[%emt 0:00:30]} Bxf5 {[%emt 0:01:30]} 15. Rxf5 {[%emt 0:03:30]} Nxd3 {[%emt 0:02:30]} 16. cxd3 {[%emt 0:00:30]} Qd6 {[%emt 0:05:30]} 17. Qg3 {[%emt 0:01:30]} Rad8 {[%emt 0:16:30]} 18. Bh6 {[%emt 0:13:30]} Ne8 {[%emt 0:00:30]} 19. Nd5 {[%emt 0:00:30]} Rd7 {[%emt 0:06:30]} 20. Qxe5 {[%emt 0:10:30]} gxh6 {[%emt 0:02:30]} 21. Qd4 {[%emt 0:10:30]} Ng7 {[%emt 0:07:30]} 22. Rf3 {[%emt 0:00:30]} f5 {[%emt 0:02:30]} 23. Raf1 {[%emt 0:02:30]} Bf6 {[%emt 0:06:30]} 24. Qc4 {[%emt 0:01:30]} Kh8 {[%emt 0:01:30]} 25. b4 {[%emt 0:02:30]} Qc6 {[%emt 0:15:51]} 26. Qb3 {[%emt 0:05:30]} h5 {[%emt 0:01:31]} 27. a4 {[%emt 0:08:30]} Bd4 {[%emt 0:01:04]} 28. b5 {[%emt 0:01:30]} axb5 {[%emt 0:00:11]} 29. axb5 {[%emt 0:00:30]} Qc5 {[%emt 0:00:46]} 30. Rg3 {[%emt 0:00:30]} fxe4 {[%emt 0:00:55]} 0-1

[Event "ESTCC 65 2019"]
[Site "Mali Losinj"]
[Date "2019.09.24"]
[Round "7.4"]
[White "Pushkov, Nikolai"]
[Black "Fabrin, Morten"]
[Result "1-0"]
[WhiteElo "2261"]
[BlackElo "1998"]
[Annotator "NA"]
[PlyCount "69"]
[EventDate "2019.09.18"]
[EventType "team-tourn"]
[EventCountry "CRO"]
[SourceTitle "playchess.com"]
[Source "ChessBase"]
[SourceQuality "1"]
[WhiteTeam "Russia"]
[BlackTeam "Denmark"]
[WhiteTeamCountry "RUS"]
[BlackTeamCountry "DEN"]
[TimeControl "40/5400+30:1800+30"]

1. d4 {[%emt 0:00:30]} c5 {[%emt 0:00:30]} 2. d5 {[%emt 0:00:00]} d6 {[%emt 0:00:30]} 3. e4 {[%emt 0:01:00]} e6 {[%emt 0:00:30]} 4. Nc3 {[%emt 0:00:00]} Nf6 {[%emt 0:01:30]} 5. Nf3 {[%emt 0:00:00]} g6 {[%emt 0:01:30]} 6. Bb5+ {[%emt 0:03:30]} Bd7 {[%emt 0:03:30]} 7. a4 {[%emt 0:03:30]} e5 {[%emt 0:01:30]} 8. O-O {[%emt 0:01:30]} Bg7 {[%emt 0:00:30]} 9. Bg5 {[%emt 0:03:30]} a6 {[%emt 0:02:30]} 10. Bxd7+ {[%emt 0:05:30]} Nbxd7 {[%emt 0:00:30]} 11. Nd2 {[%emt 0:00:30]} O-O {[%emt 0:01:30]} 12. Nc4 {[%emt 0:00:30]} Qe7 {[%emt 0:06:30]} 13. a5 {[%emt 0:02:30]} Rab8 {[%emt 0:03:30]} 14. Ra3 {[%emt 0:06:30]} h6 {[%emt 0:05:30]} 15. Bh4 {[%emt 0:05:30]} g5 {[%emt 0:01:30]} 16. Bg3 {[%emt 0:00:30]} Ne8 {[%emt 0:07:30]} 17. Ne3 {[%emt 0:01:30]} Nc7 {[%emt 0:00:30]} 18. Nf5 {[%emt 0:01:30]} Qf6 {[%emt 0:00:30]} 19. h4 {[%emt 0:07:30]} b5 {[%emt 0:01:30]} 20. axb6 {[%emt 0:00:30]} Rxb6 {[%emt 0:00:30]} 21. b3 {[%emt 0:00:30]} Rfb8 {[%emt 0:02:30]} 22. hxg5 {[%emt 0:05:30]} hxg5 {[%emt 0:00:30]} 23. Ne3 {[%emt 0:00:30]} Rb4 {[%emt 0:03:30]} 24. Nc4 {[%emt 0:04:30]} Nb5 {[%emt 0:07:30]} 25. Nxb5 {[%emt 0:00:30]} axb5 {[%emt 0:01:30]} 26. Nd2 {[%emt 0:00:30]} Rd4 {[%emt 0:02:30]} 27. Qe2 {[%emt 0:03:30]} g4 {[%emt 0:05:30]} 28. Ra7 {[%emt 0:01:30]} Qg5 {[%emt 0:02:30]} 29. Rd1 {[%emt 0:01:30]} Bh6 {[%emt 0:03:30]} 30. Rxd7 {[%emt 0:00:30]} Rxd2 {[%emt 0:00:30]} 31. Rxd2 {[%emt 0:00:00]} Qxd2 {[%emt 0:00:30]} 32. Qxg4+ {[%emt 0:00:00]} Bg7 {[%emt 0:01:30]} 33. Rxd6 {[%emt 0:01:30]} Qc1+ {[%emt 0:00:30]} 34. Kh2 {[%emt 0:00:00]} Ra8 {[%emt 0:01:30]} 35. Bxe5 {[%emt 0:00:00]} 1-0

[Event "ESTCC 65 2019"]
[Site "Mali Losinj"]
[Date "2019.09.24"]
[Round "7.5"]
[White "Werner, Clemens"]
[Black "Renman, Nils-Gustaf"]
[Result "1/2-1/2"]
[WhiteElo "2286"]
[BlackElo "2340"]
[Annotator "NA"]
[PlyCount "66"]
[EventDate "2019.09.18"]
[EventType "team-tourn"]
[EventCountry "CRO"]
[SourceTitle "playchess.com"]
[Source "ChessBase"]
[SourceQuality "1"]
[WhiteTeam "Germany"]
[BlackTeam "Sweden"]
[WhiteTeamCountry "GER"]
[BlackTeamCountry "SWE"]
[TimeControl "40/5400+30:1800+30"]

1. e4 {[%emt 0:00:30]} e6 {[%emt 0:00:30]} 2. d4 {[%emt 0:00:00]} d5 {[%emt 0:00:00]} 3. Nc3 {[%emt 0:00:00]} Nf6 {[%emt 0:00:00]} 4. e5 {[%emt 0:00:30]} Nfd7 {[%emt 0:00:00]} 5. f4 {[%emt 0:00:00]} c5 {[%emt 0:00:00]} 6. Nf3 {[%emt 0:00:00]} Nc6 {[%emt 0:00:30]} 7. Be3 {[%emt 0:00:00]} a6 {[%emt 0:00:00]} 8. Qd2 {[%emt 0:00:00]} b5 {[%emt 0:00:00]} 9. dxc5 {[%emt 0:04:30]} Bxc5 {[%emt 0:00:00]} 10. Bd3 {[%emt 0:00:00]} Qb6 {[%emt 0:00:00]} 11. Bf2 {[%emt 0:00:00]} O-O {[%emt 0:05:30]} 12. O-O {[%emt 0:00:30]} h6 {[%emt 0:05:30]} 13. Kh1 {[%emt 0:07:30]} Bxf2 {[%emt 0:00:30]} 14. Rxf2 {[%emt 0:08:30]} Nc5 {[%emt 0:03:30]} 15. a3 {[%emt 0:08:30]} Rd8 {[%emt 0:05:30]} 16. Rff1 {[%emt 0:05:30]} Ne4 {[%emt 0:08:30]} 17. Qe1 {[%emt 0:02:30]} Nxc3 {[%emt 0:00:00]} 18. Qxc3 {[%emt 0:00:30]} d4 {[%emt 0:09:00]} 19. Qe1 {[%emt 0:00:30]} Bb7 {[%emt 0:08:30]} 20. Qe4 {[%emt 0:07:30]} g6 {[%emt 0:00:30]} 21. Qe1 {[%emt 0:00:30]} Qc5 {[%emt 0:04:30]} 22. Nd2 {[%emt 0:07:30]} Ne7 {[%emt 0:03:30]} 23. Qh4 {[%emt 0:01:30]} Nf5 {[%emt 0:02:30]} 24. Bxf5 {[%emt 0:00:30]} exf5 {[%emt 0:00:30]} 25. Qxh6 {[%emt 0:03:30]} Qxc2 {[%emt 0:07:30]} 26. e6 {[%emt 0:08:30]} Bxg2+ {[%emt 0:08:30]} 27. Kxg2 {[%emt 0:01:30]} Qxd2+ {[%emt 0:00:00]} 28. Kh1 {[%emt 0:01:30]} Qc2 {[%emt 0:07:00]} 29. exf7+ {[%emt 0:04:30]} Kxf7 {[%emt 0:00:00]} 30. Qh7+ {[%emt 0:02:30]} Kf6 {[%emt 0:04:45]} 31. Qh4+ {[%emt 0:00:30]} Kf7 {[%emt 0:00:50]} 32. Qh7+ {[%emt 0:00:30]} Kf6 {[%emt 0:01:12]} 33. Qh4+ {[%emt 0:00:30]} Kf7 {[%emt 0:00:09]} 1/2-1/2

[Event "ESTCC 65 2019"]
[Site "Mali Losinj"]
[Date "2019.09.24"]
[Round "7.6"]
[White "Wahlbom, Magnus"]
[Black "Kierzek, Matthias"]
[Result "1/2-1/2"]
[WhiteElo "2255"]
[BlackElo "2186"]
[Annotator "NA"]
[PlyCount "60"]
[EventDate "2019.09.18"]
[EventType "team-tourn"]
[EventCountry "CRO"]
[SourceTitle "playchess.com"]
[Source "ChessBase"]
[SourceQuality "1"]
[WhiteTeam "Sweden"]
[BlackTeam "Germany"]
[WhiteTeamCountry "SWE"]
[BlackTeamCountry "GER"]
[TimeControl "40/5400+30:1800+30"]

1. e4 {[%emt 0:00:30]} c6 {[%emt 0:00:30]} 2. d4 {[%emt 0:00:00]} d5 {[%emt 0:00:00]} 3. Nc3 {[%emt 0:00:00]} dxe4 {[%emt 0:00:00]} 4. Nxe4 {[%emt 0:00:00]} Nf6 {[%emt 0:00:00]} 5. Nxf6+ {[%emt 0:00:00]} exf6 {[%emt 0:00:00]} 6. c3 {[%emt 0:00:30]} Bd6 {[%emt 0:00:30]} 7. Bd3 {[%emt 0:01:30]} O-O {[%emt 0:00:00]} 8. Ne2 {[%emt 0:02:30]} Re8 {[%emt 0:00:00]} 9. O-O {[%emt 0:00:30]} Nd7 {[%emt 0:01:30]} 10. Bf4 {[%emt 0:02:30]} Nf8 {[%emt 0:03:30]} 11. Bxd6 {[%emt 0:07:30]} Qxd6 {[%emt 0:00:00]} 12. Qd2 {[%emt 0:00:00]} Ne6 {[%emt 0:19:00]} 13. Rfe1 {[%emt 0:03:00]} Bd7 {[%emt 0:00:00]} 14. Rad1 {[%emt 0:10:30]} Rad8 {[%emt 0:09:00]} 15. Bc2 {[%emt 0:13:30]} Bc8 {[%emt 0:05:30]} 16. Ng3 {[%emt 0:10:30]} Nf8 {[%emt 0:11:30]} 17. Rxe8 {[%emt 0:07:30]} Rxe8 {[%emt 0:00:30]} 18. Re1 {[%emt 0:00:00]} Rxe1+ {[%emt 0:04:30]} 19. Qxe1 {[%emt 0:00:00]} Be6 {[%emt 0:00:30]} 20. a3 {[%emt 0:01:30]} g6 {[%emt 0:01:30]} 21. Ne4 {[%emt 0:03:30]} Qe7 {[%emt 0:02:30]} 22. Qe3 {[%emt 0:01:30]} Nd7 {[%emt 0:11:30]} 23. h3 {[%emt 0:03:30]} Bf5 {[%emt 0:08:30]} 24. f3 {[%emt 0:08:30]} Be6 {[%emt 0:01:30]} 25. Qf4 {[%emt 0:01:30]} f5 {[%emt 0:01:29]} 26. Nd2 {[%emt 0:02:30]} Bd5 {[%emt 0:06:26]} 27. Kf2 {[%emt 0:00:47]} b5 {[%emt 0:00:41]} 28. Qc7 {[%emt 0:04:29]} a6 {[%emt 0:05:01]} 29. Bd3 {[%emt 0:02:19]} Qh4+ {[%emt 0:02:33]} 30. Qg3 {[%emt 0:01:25]} Qe7 {[%emt 0:00:39]} 1/2-1/2

[Event "ESTCC 65 2019"]
[Site "Mali Losinj"]
[Date "2019.09.24"]
[Round "7.7"]
[White "Herbrechtsmeier, Christof"]
[Black "Malmdin, Nils-Ake"]
[Result "1/2-1/2"]
[WhiteElo "2210"]
[BlackElo "2142"]
[Annotator "NA"]
[PlyCount "61"]
[EventDate "2019.09.18"]
[EventType "team-tourn"]
[EventCountry "CRO"]
[SourceTitle "playchess.com"]
[Source "ChessBase"]
[SourceQuality "1"]
[WhiteTeam "Germany"]
[BlackTeam "Sweden"]
[WhiteTeamCountry "GER"]
[BlackTeamCountry "SWE"]
[TimeControl "40/5400+30:1800+30"]

1. e4 {[%emt 0:00:30]} c5 {[%emt 0:01:30]} 2. Nf3 {[%emt 0:02:30]} Nc6 {[%emt 0:00:30]} 3. d4 {[%emt 0:00:00]} cxd4 {[%emt 0:00:30]} 4. Nxd4 {[%emt 0:00:00]} g6 {[%emt 0:00:30]} 5. c4 {[%emt 0:00:30]} Nf6 {[%emt 0:02:30]} 6. Nc3 {[%emt 0:00:30]} Nxd4 {[%emt 0:00:30]} 7. Qxd4 {[%emt 0:00:30]} d6 {[%emt 0:00:30]} 8. Bg5 {[%emt 0:02:30]} Bg7 {[%emt 0:00:30]} 9. Be2 {[%emt 0:00:30]} h6 {[%emt 0:05:30]} 10. Be3 {[%emt 0:02:30]} O-O {[%emt 0:00:30]} 11. Qd2 {[%emt 0:00:30]} Kh7 {[%emt 0:00:30]} 12. f3 {[%emt 0:01:30]} Be6 {[%emt 0:00:30]} 13. Rc1 {[%emt 0:03:30]} Qa5 {[%emt 0:10:30]} 14. b3 {[%emt 0:00:30]} Nd7 {[%emt 0:05:30]} 15. Nd5 {[%emt 0:02:30]} Qxd2+ {[%emt 0:04:30]} 16. Kxd2 {[%emt 0:00:30]} Bxd5 {[%emt 0:00:30]} 17. cxd5 {[%emt 0:00:30]} Rfc8 {[%emt 0:01:30]} 18. Rxc8 {[%emt 0:03:30]} Rxc8 {[%emt 0:00:30]} 19. Rc1 {[%emt 0:00:30]} Rxc1 {[%emt 0:00:30]} 20. Kxc1 {[%emt 0:00:00]} a6 {[%emt 0:16:30]} 21. Kc2 {[%emt 0:01:00]} Kg8 {[%emt 0:17:30]} 22. b4 {[%emt 0:04:30]} Kf8 {[%emt 0:01:30]} 23. b5 {[%emt 0:09:30]} axb5 {[%emt 0:00:00]} 24. Kb3 {[%emt 0:07:30]} Ke8 {[%emt 0:01:00]} 25. Bxb5 {[%emt 0:10:30]} Kd8 {[%emt 0:00:30]} 26. Kb4 {[%emt 0:01:30]} Kc7 {[%emt 0:02:30]} 27. a4 {[%emt 0:07:30]} g5 {[%emt 0:02:30]} 28. h3 {[%emt 0:04:30]} Be5 {[%emt 0:03:30]} 29. a5 {[%emt 0:01:30]} Bg7 {[%emt 0:01:30]} 30. Bf2 {[%emt 0:00:30]} Be5 {[%emt 0:00:30]} 31. Be3 {[%emt 0:01:30]} 1/2-1/2

[Event "ESTCC 65 2019"]
[Site "Mali Losinj"]
[Date "2019.09.24"]
[Round "7.8"]
[White "Friberg, Hans"]
[Black "Kiefer, Gerhard"]
[Result "1/2-1/2"]
[WhiteElo "2119"]
[BlackElo "2227"]
[Annotator "NA"]
[PlyCount "60"]
[EventDate "2019.09.18"]
[EventType "team-tourn"]
[EventCountry "CRO"]
[SourceTitle "playchess.com"]
[Source "ChessBase"]
[SourceQuality "1"]
[WhiteTeam "Sweden"]
[BlackTeam "Germany"]
[WhiteTeamCountry "SWE"]
[BlackTeamCountry "GER"]
[TimeControl "40/5400+30:1800+30"]

1. Nf3 {[%emt 0:00:30]} d5 {[%emt 0:02:30]} 2. d4 {[%emt 0:00:00]} Nf6 {[%emt 0:00:00]} 3. c4 {[%emt 0:00:00]} e6 {[%emt 0:02:00]} 4. Nc3 {[%emt 0:01:30]} Bb4 {[%emt 0:03:30]} 5. cxd5 {[%emt 0:18:30]} exd5 {[%emt 0:00:30]} 6. Bg5 {[%emt 0:00:30]} h6 {[%emt 0:00:30]} 7. Bh4 {[%emt 0:00:30]} g5 {[%emt 0:01:30]} 8. Bg3 {[%emt 0:00:30]} Ne4 {[%emt 0:00:00]} 9. Nd2 {[%emt 0:14:30]} Nxg3 {[%emt 0:07:00]} 10. hxg3 {[%emt 0:00:30]} c6 {[%emt 0:00:30]} 11. Qc2 {[%emt 0:01:30]} Qf6 {[%emt 0:08:30]} 12. e3 {[%emt 0:00:30]} Bf5 {[%emt 0:00:30]} 13. Bd3 {[%emt 0:00:30]} Bxd3 {[%emt 0:00:30]} 14. Qxd3 {[%emt 0:00:30]} Nd7 {[%emt 0:00:30]} 15. Rc1 {[%emt 0:07:30]} Qe6 {[%emt 0:02:30]} 16. a3 {[%emt 0:02:30]} Be7 {[%emt 0:00:30]} 17. Kf1 {[%emt 0:02:30]} f5 {[%emt 0:05:30]} 18. Nf3 {[%emt 0:11:30]} Kf7 {[%emt 0:04:30]} 19. Na4 {[%emt 0:02:30]} Kg7 {[%emt 0:00:30]} 20. Nc5 {[%emt 0:00:30]} Nxc5 {[%emt 0:04:30]} 21. dxc5 {[%emt 0:00:30]} Qe4 {[%emt 0:01:30]} 22. Ke2 {[%emt 0:07:30]} Bf6 {[%emt 0:01:30]} 23. Nd4 {[%emt 0:02:30]} Bxd4 {[%emt 0:08:30]} 24. Qxd4+ {[%emt 0:00:00]} Qxd4 {[%emt 0:04:30]} 25. exd4 {[%emt 0:00:00]} Rae8+ {[%emt 0:00:30]} 26. Kd3 {[%emt 0:01:30]} Re7 {[%emt 0:00:30]} 27. Rhe1 {[%emt 0:01:30]} Rhe8 {[%emt 0:00:30]} 28. Rxe7+ {[%emt 0:00:30]} Rxe7 {[%emt 0:01:30]} 29. b4 {[%emt 0:02:30]} a6 {[%emt 0:00:30]} 30. a4 {[%emt 0:00:30]} Kf6 {[%emt 0:00:30]} 1/2-1/2

[Event "ESTCC 65 2019"]
[Site "Mali Losinj"]
[Date "2019.09.24"]
[Round "7.9"]
[White "Grahn, Lars"]
[Black "Rantanen, Yrjo A."]
[Result "0-1"]
[WhiteElo "2024"]
[BlackElo "2309"]
[Annotator "NA"]
[PlyCount "96"]
[EventDate "2019.09.18"]
[EventType "team-tourn"]
[EventCountry "CRO"]
[SourceTitle "playchess.com"]
[Source "ChessBase"]
[SourceQuality "1"]
[WhiteTeam "Sweden"]
[BlackTeam "Finland"]
[WhiteTeamCountry "SWE"]
[BlackTeamCountry "FIN"]
[TimeControl "40/5400+30:1800+30"]

1. d4 {[%emt 0:00:30]} Nf6 {[%emt 0:00:30]} 2. c4 {[%emt 0:00:00]} e6 {[%emt 0:01:30]} 3. Nc3 {[%emt 0:00:00]} Bb4 {[%emt 0:00:30]} 4. e3 {[%emt 0:00:30]} O-O {[%emt 0:01:30]} 5. Nge2 {[%emt 0:00:30]} d5 {[%emt 0:01:30]} 6. a3 {[%emt 0:00:30]} Be7 {[%emt 0:00:30]} 7. Ng3 {[%emt 0:00:30]} c5 {[%emt 0:02:30]} 8. dxc5 {[%emt 0:06:30]} Bxc5 {[%emt 0:01:30]} 9. cxd5 {[%emt 0:02:30]} exd5 {[%emt 0:00:30]} 10. Be2 {[%emt 0:05:30]} Nc6 {[%emt 0:03:30]} 11. O-O {[%emt 0:04:30]} a6 {[%emt 0:04:30]} 12. b4 {[%emt 0:06:30]} Ba7 {[%emt 0:07:30]} 13. b5 {[%emt 0:07:30]} Ne5 {[%emt 0:08:30]} 14. Bb2 {[%emt 0:12:30]} Re8 {[%emt 0:06:30]} 15. Qc2 {[%emt 0:04:30]} Be6 {[%emt 0:07:30]} 16. Rad1 {[%emt 0:04:30]} Qc7 {[%emt 0:02:30]} 17. Qb1 {[%emt 0:01:30]} Nc4 {[%emt 0:01:30]} 18. Bxc4 {[%emt 0:04:30]} Qxc4 {[%emt 0:00:30]} 19. bxa6 {[%emt 0:03:30]} bxa6 {[%emt 0:05:30]} 20. Nce2 {[%emt 0:01:30]} Ne4 {[%emt 0:08:30]} 21. Nxe4 {[%emt 0:02:30]} dxe4 {[%emt 0:00:30]} 22. Nd4 {[%emt 0:02:30]} Bg4 {[%emt 0:01:30]} 23. Rc1 {[%emt 0:00:30]} Qd5 {[%emt 0:00:30]} 24. h3 {[%emt 0:06:30]} Bd7 {[%emt 0:05:30]} 25. Ne2 {[%emt 0:03:40]} Qf5 {[%emt 0:03:30]} 26. Bd4 {[%emt 0:02:29]} Bb5 {[%emt 0:01:30]} 27. Rfe1 {[%emt 0:03:45]} Bb8 {[%emt 0:01:30]} 28. f4 {[%emt 0:04:01]} Qg6 {[%emt 0:02:44]} 29. Rc5 {[%emt 0:01:04]} f6 {[%emt 0:01:08]} 30. Qb3+ {[%emt 0:01:05]} Kh8 {[%emt 0:00:59]} 31. Rc2 {[%emt 0:03:20]} Bd6 {[%emt 0:05:48]} 32. Bc5 {[%emt 0:00:29]} Bc7 {[%emt 0:00:40]} 33. Nd4 {[%emt 0:01:34]} Bd3 {[%emt 0:00:31]} 34. Rcc1 {[%emt 0:00:36]} Rab8 {[%emt 0:00:45]} 35. Qc3 {[%emt 0:00:36]} Rb7 {[%emt 0:01:18]} 36. Nc6 {[%emt 0:00:45]} h5 {[%emt 0:02:24]} 37. Nb4 {[%emt 0:00:45]} Bb5 {[%emt 0:00:16]} 38. Nd5 {[%emt 0:00:48]} Bb8 {[%emt 0:00:29]} 39. Bd4 {[%emt 0:01:36]} Rd7 {[%emt 0:00:44]} 40. Nb4 {[%emt 0:01:47]} Bd6 {[%emt 0:00:00]} 41. Qb3 {[%emt 0:03:10]} Bxf4 {[%emt 0:11:14]} 42. a4 {[%emt 0:03:30]} Qg3 {[%emt 0:02:30]} 43. axb5 {[%emt 0:04:30]} Rxd4 {[%emt 0:00:30]} 44. Kf1 {[%emt 0:01:30]} Rd2 {[%emt 0:01:30]} 45. Re2 {[%emt 0:00:30]} Rxe2 {[%emt 0:00:30]} 46. Kxe2 {[%emt 0:00:30]} Qxg2+ {[%emt 0:00:30]} 47. Kd1 {[%emt 0:01:30]} Rd8+ {[%emt 0:05:30]} 48. Nd5 {[%emt 0:00:00]} Bxe3 {[%emt 0:03:34]} 0-1